Policy Intervention Analysis : Environmental Impact Assessment (Record no. 16224)

MARC details
000 -LEADER
fixed length control field 00388nam a2200145Ia 4500
008 - FIXED-LENGTH DATA ELEMENTS--GENERAL INFORMATION
fixed length control field 220803s9999 xx 000 0 und d
020 ## - INTERNATIONAL STANDARD BOOK NUMBER
International Standard Book Number 9788179934999
041 ## - LANGUAGE CODE
Language code of text/sound track or separate title eng
082 ## - DEWEY DECIMAL CLASSIFICATION NUMBER
Classification number 658.408 PAL
100 ## - MAIN ENTRY--PERSONAL NAME
Personal name Paliwal R Ed.
9 (RLIN) 25442
245 ## - TITLE STATEMENT
Title Policy Intervention Analysis : Environmental Impact Assessment
260 ## - PUBLICATION, DISTRIBUTION, ETC. (IMPRINT)
Place of publication, distribution, etc. New Delhi
Name of publisher, distributor, etc. Teri Pub.
Date of publication, distribution, etc. 2014
300 ## - PHYSICAL DESCRIPTION
Extent 208p
500 ## - GENERAL NOTE
Keywords ARCHI
Holdings
Withdrawn status Lost status Damaged status Not for loan Collection code Home library Current library Date acquired Vendor Cost, normal purchase price Total Checkouts Full call number Barcode Date last seen Cost, replacement price Bill Date Koha item type Original Barcode
        Book of B Arch Dr. Bhanuben Nanavati College of Architecture Dr. Bhanuben Nanavati College of Architecture 13/09/2016 Word Book 420.00   720.47 PAL BNCA-BK-9897 03/08/2022 420.00 08/09/2016 Books B09897